The New America's Wonderlands / Our National Parks (Record no. 1746)

000 -LEADER
fixed length control field 00568nam a22001937a 4500
003 - CONTROL NUMBER IDENTIFIER
control field OSt
005 - DATE AND TIME OF LATEST TRANSACTION
control field 20210427071153.0
008 - FIXED-LENGTH DATA ELEMENTS--GENERAL INFORMATION
fixed length control field 210226s1980 ||||| |||| 00| 0 eng d
040 ## - CATALOGING SOURCE
Original cataloging agency eng
Language of cataloging eng
Transcribing agency DLC
041 ## - LANGUAGE CODE
Language code of text/sound track or separate title eng
080 ## - UNIVERSAL DECIMAL CLASSIFICATION NUMBER
Universal Decimal Classification number 577.4
Item number N-52
110 ## - MAIN ENTRY--CORPORATE NAME
9 (RLIN) 928
Corporate name or jurisdiction name as entry element National Geographic Society
245 ## - TITLE STATEMENT
Title The New America's Wonderlands / Our National Parks
Statement of responsibility, etc. / by: National Geographic Society
260 ## - PUBLICATION, DISTRIBUTION, ETC.
Place of publication, distribution, etc. Washington DC
Name of publisher, distributor, etc. National Geographic Society
Date of publication, distribution, etc. 1980
300 ## - PHYSICAL DESCRIPTION
Extent 464 p.
Other physical details ill.
650 #0 - SUBJECT ADDED ENTRY--TOPICAL TERM
9 (RLIN) 690
Topical term or geographic name entry element Ecology
653 ## - INDEX TERM--UNCONTROLLED
Uncontrolled term ეკოლოგია
942 ## - ADDED ENTRY ELEMENTS (KOHA)
Source of classification or shelving scheme
Koha item type Books
Holdings
Withdrawn status Lost status Source of classification or shelving scheme Damaged status Not for loan Permanent location Current location Date acquired Inventory number Total Checkouts Full call number Barcode Date last seen Price effective from Koha item type
          Ken Walker International University Ken Walker International University 02/26/2021 397   577.4 N-52 397 02/26/2021 02/26/2021 Books

Powered by Koha